|
|
|
|
| LEADER |
01757nam a2200409 a 4500 |
| 001 |
EBC744851 |
| 003 |
MiAaPQ |
| 005 |
20200520144314.0 |
| 006 |
m o d | |
| 007 |
cr cn||||||||| |
| 008 |
110303s2011 deuab sb 001 0 eng d |
| 010 |
|
|
|z 2011008715
|
| 020 |
|
|
|z 9781611490206
|
| 020 |
|
|
|a 9781611490213 (electronic bk.)
|
| 035 |
|
|
|a (MiAaPQ)EBC744851
|
| 035 |
|
|
|a (Au-PeEL)EBL744851
|
| 035 |
|
|
|a (CaPaEBR)ebr10492796
|
| 035 |
|
|
|a (CaONFJC)MIL322468
|
| 035 |
|
|
|a (OCoLC)745866992
|
| 040 |
|
|
|a MiAaPQ
|c MiAaPQ
|d MiAaPQ
|
| 043 |
|
|
|a n-us---
|
| 050 |
|
4 |
|a HE356.C8
|b S49 2011
|
| 082 |
0 |
4 |
|a 388.1/220973
|2 22
|
| 100 |
1 |
|
|a Sky, Theodore,
|d 1933-
|
| 245 |
1 |
4 |
|a The National Road and the difficult path to sustainable national investment
|h [electronic resource] /
|c Theodore Sky.
|
| 260 |
|
|
|a Newark :
|b University of Delaware Press,
|c c2011.
|
| 300 |
|
|
|a xii, 295 p. :
|b ill., map.
|
| 504 |
|
|
|a Includes bibliographical references and index.
|
| 505 |
0 |
|
|a pt. 1. The great debates about the national road -- pt. 2. The national road in its prime -- pt. 3. The decline and revival of the road, its roles as a precursor of the interstate system, and its place as a national system -- pt. 4. Twenty-first-century legacy.
|
| 533 |
|
|
|a Electronic reproduction. Ann Arbor, MI : ProQuest, 2015. Available via World Wide Web. Access may be limited to ProQuest affiliated libraries.
|
| 650 |
|
0 |
|a National Highway System.
|
| 650 |
|
0 |
|a Transportation and state
|z United States
|x History.
|
| 650 |
|
0 |
|a Public investments
|z United States.
|
| 651 |
|
0 |
|a Cumberland Road.
|
| 655 |
|
4 |
|a Electronic books.
|
| 710 |
2 |
|
|a ProQuest (Firm)
|
| 856 |
4 |
0 |
|u https://ebookcentral.proquest.com/lib/matrademy/detail.action?docID=744851
|z Click to View
|